<?xml version="1.0" encoding="UTF-8"?>
<record
    xmlns:xsi="http://www.w3.org/2001/XMLSchema-instance"
    xsi:schemaLocation="http://www.loc.gov/MARC21/slim http://www.loc.gov/standards/marcxml/schema/MARC21slim.xsd"
    xmlns="http://www.loc.gov/MARC21/slim">

  <leader>00952nam a22002657a 4500</leader>
  <controlfield tag="005">20170123162353.0</controlfield>
  <datafield tag="010" ind1=" " ind2=" ">
    <subfield code="a">A-412316</subfield>
  </datafield>
  <datafield tag="020" ind1=" " ind2=" ">
    <subfield code="c">250.00</subfield>
  </datafield>
  <datafield tag="035" ind1=" " ind2=" ">
    <subfield code="a">A-374867</subfield>
  </datafield>
  <datafield tag="037" ind1=" " ind2=" ">
    <subfield code="b">Cen Lib/Ret</subfield>
  </datafield>
  <datafield tag="040" ind1=" " ind2=" ">
    <subfield code="a">dpl</subfield>
    <subfield code="b">UR</subfield>
  </datafield>
  <datafield tag="082" ind1=" " ind2=" ">
    <subfield code="a">954.3242</subfield>
    <subfield code="b">&#x634; &#x627; &#x6C1;</subfield>
  </datafield>
  <datafield tag="100" ind1=" " ind2=" ">
    <subfield code="a">&#x645;&#x627;&#x6C1;&#x644;&#x6CC;&#x60C; &#x634;&#x627;&#x6C1;&#x62F; </subfield>
    <subfield code="9">137570</subfield>
  </datafield>
  <datafield tag="245" ind1=" " ind2=" ">
    <subfield code="a">/ &#x627;&#x646;&#x688;&#x6CC;&#x646; &#x646;&#x6CC;&#x634;&#x646;&#x644; &#x6A9;&#x627;&#x646;&#x6AF;&#x631;&#x6CC;&#x633; &#x6A9;&#x6CC; &#x62A;&#x627;&#x631;&#x6CC;&#x62E;</subfield>
    <subfield code="c">&#x634;&#x627;&#x6C1;&#x62F; &#x645;&#x627; &#x6C1;&#x644;&#x6CC;     </subfield>
  </datafield>
  <datafield tag="246" ind1=" " ind2=" ">
    <subfield code="a">Indian national congress ki tarikh  /</subfield>
    <subfield code="b">by Shahid Mahili </subfield>
  </datafield>
  <datafield tag="260" ind1=" " ind2=" ">
    <subfield code="a">&#x646;&#x626;&#x6CC; &#x62F;&#x6C1;&#x644;&#x6CC;</subfield>
    <subfield code="b">&#x627;&#x644;&#x645;&#x634;&#x631;&#x642; &#x627;&#x646;&#x679;&#x631;&#x679;&#x634;&#x646;&#x628;&#x644;</subfield>
    <subfield code="c">1989</subfield>
  </datafield>
  <datafield tag="270" ind1=" " ind2=" ">
    <subfield code="a">6444, &#x642;&#x631;&#x6CC;&#x634;&#x634; &#x646;&#x6AF;&#x631; &#x635;&#x62F;&#x631; &#x628;&#x627;&#x632;&#x627;&#x631;</subfield>
    <subfield code="b">&#x646;&#x626;&#x6CC; &#x62F;&#x6C1;&#x644;&#x6CC;</subfield>
    <subfield code="e">110006</subfield>
  </datafield>
  <datafield tag="300" ind1=" " ind2=" ">
    <subfield code="a">492p. </subfield>
    <subfield code="c">22cm(Hb)</subfield>
  </datafield>
  <datafield tag="500" ind1=" " ind2=" ">
    <subfield code="a">&#x627;&#x67E;&#x6CC;&#x646;&#x688;&#x6A9;&#x633; &#x628;&#x6BE;&#x6CC; &#x634;&#x627;&#x645;&#x644; &#x6C1;&#x6D2;
</subfield>
  </datafield>
  <datafield tag="650" ind1=" " ind2=" ">
    <subfield code="a">&#x633;&#x6CC;&#x627;&#x633;&#x6CC; - &#x62A;&#x627;&#x631;&#x6CC;&#x62E;</subfield>
    <subfield code="9">400</subfield>
  </datafield>
  <datafield tag="650" ind1=" " ind2=" ">
    <subfield code="a">&#x6C1;&#x646;&#x62F;&#x648;&#x633;&#x62A;&#x627;&#x646;&#x6CC; &#x62A;&#x627;&#x631;&#x6CC;&#x62E;</subfield>
    <subfield code="9">410</subfield>
  </datafield>
  <datafield tag="650" ind1=" " ind2=" ">
    <subfield code="a">Political science- History</subfield>
    <subfield code="9">578</subfield>
  </datafield>
  <datafield tag="650" ind1=" " ind2=" ">
    <subfield code="a">Indian History</subfield>
    <subfield code="9">137571</subfield>
  </datafield>
  <datafield tag="942" ind1=" " ind2=" ">
    <subfield code="2">ddc</subfield>
    <subfield code="c">UR</subfield>
    <subfield code="h">954.3242</subfield>
    <subfield code="m">&#x634; &#x627; &#x6C1;</subfield>
  </datafield>
  <datafield tag="999" ind1=" " ind2=" ">
    <subfield code="c">109378</subfield>
    <subfield code="d">109378</subfield>
  </datafield>
  <datafield tag="952" ind1=" " ind2=" ">
    <subfield code="0">0</subfield>
    <subfield code="1">0</subfield>
    <subfield code="4">0</subfield>
    <subfield code="7">0</subfield>
    <subfield code="a">L</subfield>
    <subfield code="b">L</subfield>
    <subfield code="d">2016-03-08</subfield>
    <subfield code="e">Cen Lib/Ref</subfield>
    <subfield code="g">250.00</subfield>
    <subfield code="l">3</subfield>
    <subfield code="o">954.3242 &#x634; &#x627; &#x6C1;</subfield>
    <subfield code="p">A-412316</subfield>
    <subfield code="r">2022-06-09 00:00:00</subfield>
    <subfield code="s">2022-05-30</subfield>
    <subfield code="t">1</subfield>
    <subfield code="v">250.00</subfield>
    <subfield code="w">2016-03-08</subfield>
    <subfield code="y">UR</subfield>
  </datafield>
</record>
